[Event "FRA-chT2 East 0809"]
[Site "France"]
[Date "2009.04.04"]
[Round "10.3"]
[White "Coulon, Maxcellend"]
[Black "Furrer, Marc"]
[Result "1-0"]
[WhiteElo "2038"]
[BlackElo "2132"]
[PlyCount "73"]
[EventDate "2008.10.19"]
[EventType "team-tourn"]
[EventRounds "11"]
[EventCountry "FRA"]
[SourceTitle "EXT 2010"]
[Source "ChessBase"]
[SourceDate "2010.11.25"]
[SourceVersion "1"]
[SourceVersionDate "2010.11.25"]
[SourceQuality "1"]
[WhiteTeam "Besancon TPG II"]
[BlackTeam "Mulhouse IV"]
[WhiteTeamCountry "FRA"]
[BlackTeamCountry "FRA"]

1. e4 d5 2. exd5 Qxd5 3. Nc3 Qa5 4. Bc4 Nf6 5. d3 Bg4 6. f3 Bd7 7. Bd2 Qh5 8. Qe2 b5 9. Bb3 Nc6 10. Qf2 Na5 11. Nge2 Nxb3 12. axb3 a6 13. g4 Qe5 14. Bf4 Qe6 15. b4 Nd5 16. Nxd5 Qxd5 17. Nc3 Qc6 18. Ne4 Be6 19. 0-0 Bd5 20. Ra3 Bxe4 21. Rc3 Qb6 22. Be3 Qg6 23. dxe4 h5 24. Qh4 hxg4 25. Qxg4 Qxg4+ 26. fxg4 Rh4 27. Kg2 Rxg4+ 28. Kf3 Rg6 29. Rxc7 Kd8 30. Bf4 Rf6 31. Rd1+ Ke8 32. e5 Re6 33. b3 g6 34. Rdd7 g5 35. Bxg5 Rxe5 36. Be3 Re6 37. c4 1-0

[Event "FRA-chT2 East 0809"]
[Site "France"]
[Date "2008.11.22"]
[Round "2.3"]
[White "Coulon, Maxcellend"]
[Black "Pucher, Sebastien"]
[Result "0-1"]
[WhiteElo "2038"]
[BlackElo "2267"]
[PlyCount "62"]
[EventDate "2008.10.19"]
[EventType "team-tourn"]
[EventRounds "11"]
[EventCountry "FRA"]
[SourceTitle "EXT 2010"]
[Source "ChessBase"]
[SourceDate "2010.11.25"]
[SourceVersion "1"]
[SourceVersionDate "2010.11.25"]
[SourceQuality "1"]
[WhiteTeam "Besancon TPG II"]
[BlackTeam "Metz Fischer II"]
[WhiteTeamCountry "FRA"]
[BlackTeamCountry "FRA"]

1. e4 c5 2. Nf3 d6 3. d4 cxd4 4. Qxd4 a6 5. c4 Nc6 6. Qd2 Nf6 7. Nc3 g6 8. Be2 Bg7 9. 0-0 0-0 10. h3 Rb8 11. Qe3 Nd7 12. Rb1 Nde5 13. Nxe5 dxe5 14. Rd1 Nd4 15. Bf1 f5 16. exf5 gxf5 17. Qg5 Kh8 18. Qh5 Be6 19. Bh6 Rg8 20. Bxg7+ Rxg7 21. Kh1 Qc7 22. Rbc1 Rbg8 23. f4 Qc6 24. Rd2 Bxc4 25. Bxc4 Qxc4 26. Qd1 Qc6 27. Qf1 Rg3 28. Kh2 exf4 29. Qf2 Rxg2+ 30. Qxg2 Rxg2+ 31. Rxg2 Nf3+ 0-1

[Event "FRA-chT2 East 0708"]
[Site "France"]
[Date "2008.04.06"]
[Round "11.6"]
[White "Coulon, Maxcellend"]
[Black "Saatdjian, Stephane"]
[Result "1/2-1/2"]
[WhiteElo "2024"]
[BlackElo "1860"]
[PlyCount "131"]
[EventDate "2007.10.21"]
[EventType "team"]
[EventRounds "11"]
[EventCountry "FRA"]
[SourceTitle "EXT 2009"]
[Source "ChessBase"]
[SourceDate "2008.11.26"]
[SourceVersion "1"]
[SourceVersionDate "2008.11.26"]
[SourceQuality "1"]
[WhiteTeam "Besancon TPG II"]
[BlackTeam "Bischwiller II"]
[WhiteTeamCountry "FRA"]
[BlackTeamCountry "FRA"]

1. e4 c5 2. b4 cxb4 3. d4 d6 4. a3 bxa3 5. Nxa3 g6 6. c3 Bg7 7. Bd3 Nd7 8. Bg5 Ngf6 9. Qd2 0-0 10. f3 Nb6 11. Ne2 Be6 12. 0-0 Rc8 13. Rfb1 d5 14. Nf4 Bd7 15. Ne2 Bc6 16. e5 Ne8 17. Be3 Nc7 18. Bh6 Qd7 19. Bxg7 Kxg7 20. Qe3 Rfd8 21. f4 e6 22. g4 Kh8 23. Qh3 Qe7 24. Kf2 f5 25. exf6 Qxf6 26. g5 Qf7 27. Qg3 Rf8 28. Kg1 Ne8 29. Nc2 Nd6 30. Ne3 Nf5 31. Qh3 Nxe3 32. Qxe3 Ra8 33. Rf1 Nc4 34. Qc1 Bb5 35. Kg2 a6 36. Kg3 Rac8 37. Ng1 Nd6 38. Rf3 Bxd3 39. Rxd3 Qf5 40. Qe3 Ne4+ 41. Kg2 Qxf4 42. Nh3 Qxe3 43. Rxe3 Rxc3 44. Rxc3 Nxc3 45. Rc1 Nb5 46. Rd1 Kg7 47. Kg3 Nc3 48. Re1 Ne4+ 49. Kg4 b5 50. Nf4 Kf7 51. Rc1 Re8 52. Nd3 a5 53. Ne5+ Kg8 54. Rc7 a4 55. Nf7 Rf8 56. Nh6+ Kh8 57. Ra7 Nd6 58. h4 Nf5 59. Nf7+ Kg8 60. Ne5 Nxd4 61. h5 gxh5+ 62. Kxh5 Nf5 63. Ng4 Ng7+ 64. Kh6 Nf5+ 65. Kh5 Ng7+ 66. Kh6 1/2-1/2

[Event "FRA-chT2 East 0708"]
[Site "France"]
[Date "2008.01.19"]
[Round "5.4"]
[White "Coulon, Maxcellend"]
[Black "Ricter, Jean Paul"]
[Result "0-1"]
[WhiteElo "2042"]
[BlackElo "2148"]
[PlyCount "86"]
[EventDate "2007.10.21"]
[EventType "team"]
[EventRounds "11"]
[EventCountry "FRA"]
[SourceTitle "EXT 2009"]
[Source "ChessBase"]
[SourceDate "2008.11.26"]
[SourceVersion "1"]
[SourceVersionDate "2008.11.26"]
[SourceQuality "1"]
[WhiteTeam "Besancon TPG II"]
[BlackTeam "Strasbourg II"]
[WhiteTeamCountry "FRA"]
[BlackTeamCountry "FRA"]

1. e4 d6 2. d4 Nf6 3. Nc3 Nbd7 4. Nf3 e5 5. g4 h6 6. h3 Be7 7. Be3 c6 8. Qd2 b5 9. a3 Bb7 10. Bd3 Qc7 11. Qe2 a6 12. 0-0 exd4 13. Bxd4 0-0 14. Rab1 c5 15. Bxf6 Nxf6 16. b3 Rfe8 17. Nd2 Qb6 18. Qf3 Qa5 19. b4 Qd8 20. Nd5 c4 21. Nxc4 bxc4 22. Bxc4 Rc8 23. Bd3 Nd7 24. Qe2 Bf6 25. c4 Ne5 26. Rfc1 Bxd5 27. cxd5 Nxd3 28. Qxd3 Qb6 29. Kg2 Qb5 30. Qe3 Qb7 31. Qd2 Rxe4 32. Rxc8+ Qxc8 33. Rc1 Rc4 34. Rd1 Rc2 35. Qe3 Rc3 36. Rd3 Rc2 37. Qb6 Qc4 38. Rf3 Qxd5 39. Qxa6 Rc3 40. Qe2 Rxa3 41. Qe8+ Kh7 42. Qe2 g6 43. Kg3 Bh4+ 0-1

[Event "FRA-chT2 0304"]
[Site "France"]
[Date "2004.03.14"]
[Round "9"]
[White "Coulon, Maxcellend"]
[Black "Ruimy, Michel"]
[Result "1/2-1/2"]
[WhiteElo "2180"]
[BlackElo "1920"]
[PlyCount "84"]
[EventDate "2003.10.??"]
[EventType "team"]
[EventRounds "11"]
[EventCountry "FRA"]
[SourceTitle "EXT 2005"]
[Source "ChessBase"]
[SourceDate "2004.11.15"]
[SourceVersion "1"]
[SourceVersionDate "2004.11.15"]
[SourceQuality "1"]

1. e4 c5 2. Nf3 Nc6 3. Bb5 g6 4. 0-0 Bg7 5. c3 e6 6. d3 Nge7 7. Be3 d6 8. Qd2 Qb6 9. Na3 0-0 10. Bh6 a6 11. Bxc6 Qxc6 12. Bxg7 Kxg7 13. Qg5 f6 14. Qh4 d5 15. Rfe1 b5 16. Nc2 dxe4 17. dxe4 Bb7 18. Re3 Rad8 19. Rae1 Rd7 20. Qg3 e5 21. h4 Qe6 22. b3 h5 23. R1e2 Ng8 24. Nce1 Nh6 25. Nh2 Rd1 26. Rd3 Rd8 27. Rxd8 Rxd8 28. Qe3 c4 29. b4 Ng4 30. Qg3 Nxh2 31. Kxh2 Qd6 32. Qe3 Rd7 33. g3 Bc8 34. f3 Qe6 35. Qf2 Rd1 36. Kg1 Qd7 37. Qe3 Qd3 38. Kf2 Qd7 39. Kg1 Qd3 40. Kf2 Qd7 41. Qc5 Rd2 42. Qe3 Rd1 1/2-1/2

[Event "FRA-chT2 0304"]
[Site "France"]
[Date "2003.03.13"]
[Round "8"]
[White "Coulon, Maxcellend"]
[Black "Bossert, Christian"]
[Result "0-1"]
[WhiteElo "2180"]
[BlackElo "2158"]
[PlyCount "74"]
[EventDate "2003.10.??"]
[EventType "team"]
[EventRounds "11"]
[EventCountry "FRA"]
[SourceTitle "EXT 2005"]
[Source "ChessBase"]
[SourceDate "2004.11.15"]
[SourceVersion "1"]
[SourceVersionDate "2004.11.15"]
[SourceQuality "1"]

1. e4 c5 2. Nf3 d6 3. d4 cxd4 4. Qxd4 Nc6 5. Bb5 Bd7 6. Bxc6 Bxc6 7. Nc3 e6 8. Bg5 Nf6 9. 0-0-0 Be7 10. Rhe1 Qa5 11. Qd2 h6 12. Bh4 g5 13. Bg3 e5 14. Kb1 0-0-0 15. h4 g4 16. Nh2 Kb8 17. Nf1 b6 18. Qd3 Rd7 19. Ne3 Rc8 20. Nf5 Bf8 21. Qe3 b5 22. Nd5 Bxd5 23. exd5 b4 24. Qb3 Rb7 25. Ka1 Nd7 26. Re3 Nc5 27. Qc4 b3 28. cxb3 Nxb3+ 29. Qxb3 Rxb3 30. Rxb3+ Ka8 31. Kb1 Qa4 32. f3 gxf3 33. gxf3 Qd7 34. Ne3 h5 35. Bf2 Bh6 36. Nf1 Qf5+ 37. Rbd3 Qxd3+ 0-1